000 00455nam a22001457a 4500
999 _c56937
_d56937
005 20191106122022.0
008 190627s2019 ge ||||| |||| 00| 0 geo d
040 _c
041 _ageo
245 _aგადასახადები №7
_b2019 : ელექტრონული ჟურნალი.
260 _aთბილისი,
_c2019
653 _aგადასხადები
653 _aდისკი
942 _2udc
_cCF